000 00507cam a22002171 4500
001 sa 66003551
003 DLC
005 20260227112236.0
008 940922s1965 ii 000 0 telo
010 _asa 66003551
025 _aPL480:I-Te-1127
035 _a(OCoLC)31160473
040 _aDLC
_cCU
_dCU
_dDLC
042 _apremarc
050 0 0 _aPL4780.8
_b.A4
245 0 0 _aAlpajīvulu.
260 _c[1965]
300 _a181 p.
_c18 cm.
500 _aIn Telugu.
650 0 _aShort stories, Telugu.
999 _c68948
_d68948